I sette padri chiamati a tutelare l'interesse dei figli miserabili di Pistoja. Proposte generali e principio dello svolgimento di un progetto... sull'impianto della pia casa di lavoro

Gespeichert in:
Bibliographische Detailangaben
1. Verfasser: Romagnani, Benedetto.
Format: Buch
Sprache:Italienisch
Erschienen: Pistoja Rossetti 1881
Katalog:EDISCO:  Suchergebnis im Bibliothekskatalog
Schulbuchspezifische Eigenschaften:
Tags: Tag hinzufügen
Keine Tags, Fügen Sie den ersten Tag hinzu!
Hinzugefügt zu:30.04.2016
Geändert in:18.10.2017

MARC

LEADER 00000aam a22000007 4500
001 04667
003 OSt
005 20171018094228.0
008 160501s1881 it 000 0 ita
040 |c Gianfranco Bandini - Firenze - CLIO 
041 1 |a ita 
100 1 |a Romagnani, Benedetto. 
245 0 0 |a I sette padri chiamati a tutelare l'interesse dei figli miserabili di Pistoja. Proposte generali e principio dello svolgimento di un progetto... sull'impianto della pia casa di lavoro 
260 |a Pistoja  |b Rossetti  |c 1881 
300 |a 68, 1/x ;  
901 |a 7 
942 |2 ddc  |c BK 
546 |a ita 
999 |c 4656  |d 4656 
999 |c edisco:4656  |d 4656